A new perspective on sexual murderers (Record no. 524871)

000 -LEADER
fixed length control field 01428nam a22001337a 4500
008 - FIXED-LENGTH DATA ELEMENTS--GENERAL INFORMATION
fixed length control field 240124b ||||| |||| 00| 0 eng d
100 ## - MAIN ENTRY--PERSONAL NAME
Personal name Choubey,Pankaj and Patel, Mamta
245 ## - TITLE STATEMENT
Title A new perspective on sexual murderers
260 ## - PUBLICATION, DISTRIBUTION, ETC. (IMPRINT)
Place of publication, distribution, etc The Indian Police Journal
300 ## - PHYSICAL DESCRIPTION
Extent 69(2), Apr-Jun, 2022: p.46-54
520 ## - SUMMARY, ETC.
Summary, etc An offender’s intentional or circumstantial killing of a victim during a sexual act is known as sexual murder. Sexual murder results from one person killing another in the context of power, control, sexuality, and aggressive brutality. This research work was conducted on 400 convicted rapists in all central prisons of Madhya Pradesh. Out of these, 49 cases were found to have committed twin crimes, i.e. rape along with murder. This study aims to know about the victim-offender relationship of offenders and understand patterns of killing victims by the offenders. The samples were chosen with the help of the purposive sampling method. The findings indicate that 12.25% of respondents who raped and murdered the victim did not choose the age of the victim for the purpose of the crime. This crime was committed due to circumstantial situations and a lack of control over mental impulses for the fulfilment of sexual desire.- Reproduced
https://bprd.nic.in/WriteReadData/userfiles/file/202309260501129197672April-June,2022(F).pdf
773 ## - HOST ITEM ENTRY
Main entry heading The Indian Police Journal
942 ## - ADDED ENTRY ELEMENTS (KOHA)
Item type Articles
Holdings
Withdrawn status Lost status Source of classification or shelving scheme Damaged status Not for loan Permanent location Current location Date acquired Serial Enumeration / chronology Barcode Date last seen Koha item type
          Indian Institute of Public Administration Indian Institute of Public Administration 2024-01-24 69(2), Apr-Jun, 2022: p.46-54 AR130677 2024-01-24 Articles

Powered by Koha